000 00314nam a22001337a 4500
008 171009b xxu||||| |||| 00| 0 eng d
020 _a9780722538616
041 _aeng
080 _a159.9
100 _a49
101 _aPSI
245 _aIRRITABLE BOWEL SYNDROME & DIVERTICULOSIS
_cTRICKETT,SH
942 _2udc
_cBK
999 _c32545
_d32545